000 00591nam a22001697a 4500
008 170814b xxu||||| |||| 00| 0 eng d
020 _a9715502999
082 _21999
_aDFil 305.895109599
_bW84
100 _922024
_aWong, Kwok-chu.
245 _aThe Chinese in the Philippine economy 1898- 1941/
_cWong Kwok-chu.
260 _aQuezon City:
_bADMU Press,
_cc1999.
300 _aix, 279 pages;
_c23 cm.
500 _aIncludes bibliographical references and index.
650 0 _922025
_aChinese in the Philippines- Economic conditions- 1898- 1941.
365 _aPhp.
_b412.50
942 _2ddc
_cDFIL
999 _c7271
_d7271